G3京台高速公路途经的地级和县级行政区 - Statistics

General Stats
  • This quiz has been taken 30 times
  • The average score is 56 of 89
Answer Stats
县级行政区 % Correct
大兴区
88%
泰安市
88%
黄山区
85%
廊坊市
85%
德州市
85%
济南市
85%
枣庄市
85%
徐州市
85%
合肥市
85%
铜陵市
85%
黄山市
85%
衢州市
85%
福州市
85%
沧州市
81%
蚌埠市
81%
滁州市
81%
池州市
81%
南平市
81%
济宁市
77%
宿州市
77%
淮北市
77%
宁德市
77%
平潭县
73%
曲阜市
69%
江山市
69%
武夷山市
69%
长乐区
69%
六安市
69%
齐河县
65%
肥东县
65%
常山县
65%
建瓯市
65%
广阳区
62%
永清县
62%
霸州市
62%
青县
62%
东光县
62%
吴桥县
62%
德城区
62%
平原县
62%
长清区
62%
肥西县
62%
徽州区
62%
闽清县
62%
文安县
58%
沧县
58%
泊头市
58%
禹城市
58%
市中区
58%
岱岳区
58%
邹城市
58%
滕州市
58%
台儿庄区
58%
铜山区
58%
定远县
58%
包河区
58%
蜀山区
58%
屯溪区
58%
休宁县
58%
建阳区
58%
古田县
58%
闽侯县
58%
大城县
54%
南皮县
54%
陵城区
54%
槐荫区
54%
薛城区
54%
贾汪区
54%
庐江县
54%
郊区
54%
开化县
54%
浦城县
54%
延平区
54%
宁阳县
50%
峄城区
50%
萧县
50%
烈山区
46%
淮上区
46%
禹会区
46%
凤阳县
46%
舒城县
46%
枞阳县
46%
义安区
46%
青阳县
46%
石台县
46%
柯城区
46%
埇桥区
42%
濉溪县
42%
怀远县
42%
No matching quizzes found
Score Distribution
Percent of People with Each Score
Percentile by Number Answered
Your Score History
You have not taken this quiz